Partes sin todo.
Đã lưu trong:
| Tác giả chính: | |
|---|---|
| Định dạng: | Sách |
| Ngôn ngữ: | Tiếng Anh |
| Được phát hành: |
Santiago, Chile:
Sudamericana,
2005.
|
| Loạt: | Señales.
|
| Những chủ đề: | |
| Các nhãn: |
Thêm thẻ
Không có thẻ, Là người đầu tiên thẻ bản ghi này!
|
MARC
| LEADER | 00000nam a22000007a 4500 | ||
|---|---|---|---|
| 003 | CL-VaPUC | ||
| 005 | 20240606121518.0 | ||
| 008 | 240530t2005 ||||| |||| 00| 0 eng d | ||
| 999 | |c 443798 |d 443796 | ||
| 020 | |a 956-262-249-5 | ||
| 040 | |c Pontificia Universidad Católica de Valparaíso | ||
| 082 | |2 22 |a Ch860.9 COR 2005 | ||
| 100 | |9 463251 |a Cordua, Carla |e autora | ||
| 245 | |a Partes sin todo. | ||
| 260 | |a Santiago, Chile: |b Sudamericana, |c 2005. | ||
| 300 | |a 251 páginas. | ||
| 490 | |a Señales. | ||
| 500 | |a c.1 Donación P. Cristian Eichin. Facultad Teología 30/05/2024. | ||
| 583 | |c 20240530 |k Yessy Sthefany Diaz Vidal | ||
| 650 | 0 | |9 308278 |a Literatura chilena |x Novelas y poesías |v Aspectos filosóficos | |
| 942 | |2 ddc |c BK | ||
| 952 | |0 0 |1 0 |2 ddc |4 0 |6 CH_860_900000000000000_COR_2005 |7 0 |8 A |9 594892 |a BIBTEO |b BIBTEO |d 2024-05-30 |e Donación |i 5661450 |o Ch860.9 COR 2005 |p 5661450 |r 2025-01-17 |t 1 |w 2024-05-30 |y BK |k ICR | ||